Tonal Harmoney With an introduction to post Tonal music

Guardat en:
Dades bibliogràfiques
Autor principal: KOSTKA,Stefan. Stefan Kostka Dorothy Payne Byron Almen
Format: Llibre
Idioma:anglès
Publicat: Mc Graw Hill Education 2018
Etiquetes: Afegir etiqueta
Sense etiquetes, Sigues el primer a etiquetar aquest registre!

MARC

LEADER 00000nam a22000007a 4500
008 210827b ||||| |||| 00| 0 eng d
020 |a 9781259447099 
100 |a KOSTKA,Stefan.  |a Stefan Kostka  |a Dorothy Payne  |a Byron Almen 
245 |a Tonal Harmoney  |b With an introduction to post Tonal music  |g xxi,681p.ill.  |c Stefan kostka, Dorothy Payne(and) Byron Almen. 
250 |b 8th ed. 
260 |b Mc Graw Hill Education  |c 2018  |d Book  |h New York  |i 696050  |l MT 50. K85  |m Harmony 
500 |a "It includes subject index" 
942 |a lcc  |c BK  |e Olagoke, M.A.  |f 28/08/2021 
952 |0 0  |1 0  |2 lcc  |4 0  |7 0  |9 3249  |a HOL  |b HOL  |c LP  |d 2021-08-27  |o MT50.K85  |p 2021-66946  |r 2021-08-27 00:00:00  |t 696050  |w 2021-08-27  |y BK 
999 |c 1626  |d 1626